Detalles MARC
| 000 -LEADER |
| fixed length control field |
01265nam a2200205 a 4500 |
| 008 - CAMPO DE CONTROL (LIBRO) |
| fixed length control field |
190917t2018 ag |||g |||| 001 0 spa d |
| 020 ## - INTERNATIONAL STANDARD BOOK NUMBER |
| ISBN |
9789506911041 |
| 041 ## - CODIGO DE IDIOMA |
| Código de idioma del texto/pista de sonido o título separado |
spa |
| 092 ## - SIGNATURA TOPOGRAFICA DEWEY LOCAL |
| número de clasificación |
808 |
| libristica |
77 |
| sección |
SAR |
| 100 1# - ENTRADA PRINCIPAL--NOMBRE PERSONAL |
| Nombre personal |
Sarmiento, Domingo Faustino |
| 9 (RLIN) |
3980 |
| 245 ## - TITULO PROPIAMENTE DICHO |
| Título |
Facundo o Civilización y barbarie / |
| Mención de responsabilidad y remanente de la transcripción de la portada |
Domingo Faustino Sarmiento |
| 250 ## - MENCION DE EDICION |
| Mención de edición |
1a ed. |
| Mención de responsabilidad relacionada con la ed. |
Prólogo Alejandra Laera |
| 260 ## - PIE DE IMPRENTA |
| Lugar de publicación, distribución, etc |
Buenos Aires: |
| Nombre de la editorial, distribuidor, etc |
Biblioteca del Congreso; |
| Fecha de publicación |
2018. |
| 300 ## - DESCRIPCION FISICA |
| Extension |
370 p. |
| Dimensiones |
21 cm. |
| 500 ## - NOTA GENERAL |
| Nota general |
Sarmiento, D. F. (2004). Facundo o Civilización y barbarie. (1a ed.). Buenos Aires : Agebe. |
| 505 ## - NOTA DE CONTENIDO |
| Nota de contenido formateada |
En Facundo, su obra más singular y polémica, Domingo F. Sarmiento plantea una inquietante interpretación de la historia argentina y americana, la lucha entre la Civilización y la Barbarie, entre la ciudad y campaña, entre Europa y Asia, como si, obligada a optar, América no pudiera construir una identidad propia y diferenciada. Sin embargo, desmintiendo su propio discurso, Sarmiento es capaz de crear una obra tan apasionante, tumultuosa, innovadora y singular que sólo pudo ser producto de una profundo americanismo. |
| 590 ## - NOTAS LOCALES (RLIN) |
| Nota local |
Proyecto 4to libro, Donación Centro Médico de Mar del Plata, Noviembre 2018 |
| 655 ## - MATERIA - GENERO/FORMA |
| Género/Forma |
Literatura |
| -- |
2917 |
| 942 ## - ADDED ENTRY ELEMENTS (KOHA) |
| Source of classification or shelving scheme |
Dewey Decimal Classification |
| Item type |
LITERATURA |